Constitucion y leyes penales/ (Registro nro. 8263)

Detalles MARC
000 -LEADER
fixed length control field 01419nam a2200193Ia 4500
005 - FECHA Y HORA DE LA ÚLTIMA TRANSACCIÓN
control field 20241127175215.0
008 - FIXED-LENGTH DATA ELEMENTS--GENERAL INFORMATION
fixed length control field 230609s9999 xx 000 0 und d
040 ## - CATALOGING SOURCE
Original cataloging agency UPAN
Transcribing agency Biblioteca San Vicente
Description conventions RCAA2
041 ## - LANGUAGE CODE
Language code of text/sound track or separate title spa
082 ## - DEWEY DECIMAL CLASSIFICATION NUMBER
Classification number 348.022
Item number M539c
año de publicación 1996
100 ## - MAIN ENTRY--PERSONAL NAME
Personal name Mendoza Orantes, Ricardo
Relator code aut.
245 #0 - TITLE STATEMENT
Title Constitucion y leyes penales/
Remainder of title Li. Ricardo Mendoza Orantes
250 ## - EDITION STATEMENT
Edition statement 6° ed.
260 ## - PUBLICATION, DISTRIBUTION, ETC. (IMPRINT)
Place of publication, distribution, etc El Salvador;
Name of publisher, distributor, etc Juridica salvadoreña,
Date of publication, distribution, etc 1996
300 ## - PHYSICAL DESCRIPTION
Extent 522 p.:
Dimensions 25 cm.
505 ## - FORMATTED CONTENTS NOTE
Formatted contents note 1. Constitución<br/>2. Ley de procedimientos constitucionales<br/>3. Código penal<br/>4. Código procesal penal<br/>5. Ley del menor infractor<br/>6. ley de vigilancia y control de ejecución de medidas al menor infractor<br/>7. Ley del instituto salvadoreño de protección al menor<br/>8. Ley de estado peligroso<br/>9. Ley del regimen de centros penales y de readaptación<br/>10. Ley de procedimientos para la imposición del arresto o multa administrativa<br/>11. Ley represiva del contrabando de mercaderías y de la defraudación de la renta de aduanas<br/>12. Ley de procedimientos especiales sobre accidentes de transito<br/>13. Ley reguladora de las actividades relativas a las drogas<br/>14. Reglamento de estupefacientes<br/>15. Se establecen disposiciones legales para la regulación de manifestaciones o concentraciones, sean estas de carácter político o gremial<br/>16. Índice general
650 ## - SUBJECT ADDED ENTRY--TOPICAL TERM
Source of heading or term LEMB
Topical term or geographic name as entry element Derecho penal
942 ## - ADDED ENTRY ELEMENTS (KOHA)
Koha item type Libros
Source of classification or shelving scheme Dewey Decimal Classification
Existencias
Withdrawn status Lost status Source of classification or shelving scheme Damaged status Not for loan Collection code Home library Current library Date acquired Total Checkouts Full call number Barcode Date last seen Copy number Price effective from Koha item type
    Dewey Decimal Classification     Colección General Biblioteca UPAN San Vicente Biblioteca UPAN San Vicente 09/06/2023   348.022 M539c 12000915 09/06/2023 01 09/06/2023 Libros
    Dewey Decimal Classification     Colección General Biblioteca UPAN San Vicente Biblioteca UPAN San Vicente 09/06/2023   348.022 M539c 12000916 10/06/2023 02 09/06/2023 Libros